000 01374cam a22003857a 4500
001 17672014
003 ARRUPE
005 20140924142840.0
008 130325s2012 cau b 000 0 eng d
010 _a 2012285298
015 _aGBB275216
_2bnb
016 7 _a016135962
_2Uk
020 _a9781584350576 (pbk.)
020 _a1584350571 (pbk.)
035 _a(OCoLC)ocn805018357
040 _aUKMGB
_beng
_cUKMGB
_dOCLCO
_dYDXCP
_dCDX
_dBWX
_dIXA
_dAU@
_dCUZ
_dDLC
041 1 _aeng
_hfre
042 _alccopycat
050 0 0 _aBD450
_b.B35713 2012
082 0 4 _a302.2
_223
100 1 _aBaudrillard, Jean,
_d1929-2007.
_97655
240 1 0 _aAutre par lui-même.
_lEnglish
245 1 4 _aThe ecstasy of communication /
_cJean Baudrillard ; introduction by Jean-Louis Violeau ; translated by Bernard Schütze and Caroline Schütze.
260 _aLos Angeles, CA :
_bSemiotext(e),
_cc2012.
300 _a87 p. ;
_c23 cm.
490 0 _aSemiotext(e) foreign agents series
504 _aIncludes bibliographical references (p. 85-87).
546 _aTranslated from the French.
650 0 _aHuman beings.
_911571
650 0 _aCommunication.
_911572
650 0 _aAlienation (Social psychology)
_911573
906 _a7
_bcbc
_ccopycat
_d2
_encip
_f20
_gy-gencatlg
942 _2lcc
_cMONOGRAPH
999 _c120931
_d120931